[Event "Superior FMDA"]
[Site "?"]
[Date "2014.03.19"]
[Round "?"]
[White "Paveto, Kevin"]
[Black "Signorini, Gustavo Daniel"]
[Result "1/2-1/2"]
[WhiteElo "2347"]
[BlackElo "2042"]
[PlyCount "79"]
[EventDate "2014.??.??"]
[SourceTitle "OM OTB B 201907"]
[Source "Opening Master"]
[SourceDate "2019.07.06"]
[SourceVersion "2"]
[SourceVersionDate "2019.07.06"]
[SourceQuality "1"]

1. e4 c5 2. Nf3 Nc6 3. d4 cxd4 4. Nxd4 Nf6 5. Nc3 d6 6. Be2 e5 7. Nb3 Be7 8.
O-O O-O 9. Be3 Be6 10. Bf3 a5 11. Nd5 Bxd5 12. exd5 Nb4 13. a3 Na6 14. c4 Nd7
15. Be2 a4 16. Nd2 Nac5 17. Qc2 f5 18. f4 e4 19. Kh1 g6 20. b4 axb3 21. Nxb3
Nxb3 22. Qxb3 Nc5 23. Bxc5 dxc5 24. Qxb7 Rf7 25. Qb5 Rb8 26. Qa4 Ra8 27. Qc2
Bf6 28. Ra2 Rfa7 29. a4 Bd4 30. Rb1 Qa5 31. g3 Qc3 32. Qd1 Qe3 33. Qc2 Rb7 34.
a5 Rab8 35. Re1 Rb2 36. Rxb2 Rxb2 37. Qa4 Rxe2 38. Qe8+ Kg7 39. Qe7+ Kh6 40.
Qg5+ 1/2-1/2

[Event "Oberliga Ost-A 1314"]
[Site "Germany"]
[Date "2014.03.16"]
[Round "9.4"]
[White "Kyas, Juergen"]
[Black "Boehm, Robert"]
[Result "1/2-1/2"]
[WhiteElo "2205"]
[BlackElo "2178"]
[PlyCount "43"]
[EventDate "2013.10.13"]
[EventType "team-tourn"]
[EventRounds "11"]
[EventCountry "GER"]
[SourceTitle "OM OTB B 201907"]
[Source "Opening Master"]
[SourceDate "2019.07.06"]
[SourceVersion "2"]
[SourceVersionDate "2019.07.06"]
[SourceQuality "1"]

1. e4 c5 2. Nf3 Nc6 3. d4 cxd4 4. Nxd4 Nf6 5. Nc3 d6 6. Be2 e5 7. Nf3 h6 8. O-O
Be7 9. h3 O-O 10. b3 Be6 11. Bb2 a6 12. Re1 Nb8 13. a4 Nbd7 14. Bf1 Rc8 15. Nd2
Qc7 16. Nc4 Qc6 17. a5 Nc5 18. Nb6 Rb8 19. Qf3 Ncd7 20. Nbd5 Bd8 21. Bd3 Nc5
22. Nxf6+ 1/2-1/2

[Event "Dallas UTD Spring op"]
[Site "Dallas"]
[Date "2014.03.13"]
[Round "9"]
[White "Getz, Alec S"]
[Black "Gorovets, Andrey"]
[Result "1-0"]
[WhiteElo "2325"]
[BlackElo "2488"]
[PlyCount "73"]
[EventDate "2014.03.08"]
[EventType "swiss"]
[EventRounds "9"]
[EventCountry "USA"]
[SourceTitle "OM OTB B 201907"]
[Source "Opening Master"]
[SourceDate "2019.07.06"]
[SourceVersion "2"]
[SourceVersionDate "2019.07.06"]
[SourceQuality "1"]

1. e4 c5 2. Nf3 Nc6 3. d4 cxd4 4. Nxd4 Nf6 5. Nc3 d6 6. Be2 e5 7. Nf3 h6 8. O-O
Be6 9. Re1 Be7 10. Bf1 Nb8 11. b3 a6 12. a4 Qc7 13. Bb2 O-O 14. Nd2 Nc6 15. Nc4
Nd4 16. Ne3 b5 17. axb5 axb5 18. Bxb5 Rxa1 19. Bxa1 Nxe4 20. Ncd5 Qb7 21. Nxe7+
Qxe7 22. Bxd4 exd4 23. Qxd4 Qh4 24. g3 Qg5 25. Bf1 f5 26. Bg2 d5 27. Nxd5 Qd8
28. c4 Bxd5 29. cxd5 Nd6 30. Re6 Qc7 31. Qe5 Qc1+ 32. Bf1 Ne4 33. Re7 Rf6 34.
Qc7 Qg5 35. Bg2 Nxf2 36. Kxf2 f4 37. Re8+ 1-0

[Event "ch-Splitsko-Dalmatinske 2014"]
[Site "Split CRO"]
[Date "2014.03.13"]
[Round "6.8"]
[White "Zaper, M."]
[Black "Solic, K."]
[Result "1/2-1/2"]
[WhiteElo "2011"]
[BlackElo "2196"]
[PlyCount "133"]
[EventDate "2014.??.??"]

1. e4 c5 2. Nf3 d6 3. d4 cxd4 4. Nxd4 Nf6 5. Nc3 Nc6 6. Be2 e5 7. Nf3 h6 8. Bc4
Be7 9. h3 O-O 10. a3 a6 11. O-O b5 12. Bb3 Na5 13. Ba2 Bb7 14. Qe2 Rc8 15. Rd1
Rxc3 16. bxc3 Qa8 17. Nd2 Nxe4 18. Nxe4 Bxe4 19. Qg4 Kh8 20. Rd3 Bxd3 21. cxd3
f5 22. Qh5 Qe8 23. Qxe8 Rxe8 24. Bd5 Rc8 25. Be6 Rc6 26. a4 bxa4 27. Rxa4 Bd8
28. Bxf5 Rxc3 29. Bd2 Rc5 30. Bb4 Rd5 31. Be6 Rd4 32. Bxa5 Rxa4 33. Bxd8 e4 34.
Bf5 exd3 35. Bxd3 Ra1+ 36. Kh2 a5 37. Bc4 a4 38. Kg3 a3 39. Be7 Rd1 40. Bf7 Rd2
41. Bf8 Kh7 42. Be7 Rd3+ 43. f3 Rd2 44. Bf8 g6 45. Kh2 h5 46. h4 Rd4 47. Kg3
Rd2 48. Kh2 a2 49. Bxa2 Rxa2 50. Bxd6 Kg7 51. Kh3 Kf6 52. g4 Rd2 53. Bc7 Rd3
54. Kg3 hxg4 55. Kxg4 Rd1 56. Kf4 Rd4+ 57. Kg3 Kf5 58. Bb8 Rd1 59. Bc7 Rg1+ 60.
Kf2 Rc1 61. Bb8 Rb1 62. Bc7 Rb7 63. Bd6 Ke6 64. Bf4 Rf7 65. Kg3 Rf5 66. Kg4 Rb5
67. Bc7 1/2-1/2

[Event "Bronshoj-ch"]
[Site "Copenhagen"]
[Date "2014.03.13"]
[Round "2"]
[White "Nielsen, John Holm"]
[Black "Petersen, Steen"]
[Result "1/2-1/2"]
[WhiteElo "2025"]
[BlackElo "2063"]
[PlyCount "118"]
[EventDate "2014.03.06"]
[EventType "tourn"]
[EventRounds "9"]
[EventCountry "DEN"]
[SourceTitle "OM OTB B 201907"]
[Source "Opening Master"]
[SourceDate "2019.07.06"]
[SourceVersion "2"]
[SourceVersionDate "2019.07.06"]
[SourceQuality "1"]

1. Nc3 c5 2. Nf3 Nc6 3. d4 cxd4 4. Nxd4 Nf6 5. e4 d6 6. Be2 e5 7. Nb3 Be6 8.
O-O d5 9. exd5 Nxd5 10. Nxd5 Bxd5 11. c4 Be6 12. Be3 Be7 13. Nc5 Bc8 14. Qxd8+
Bxd8 15. Bf3 Bb6 16. Rfe1 f6 17. a3 Bxc5 18. Bxc5 Be6 19. Bxc6+ bxc6 20. f4
Bxc4 21. fxe5 O-O-O 22. Rac1 Bd5 23. exf6 gxf6 24. Re7 Rd7 25. Rce1 Rg8 26. g3
Rg7 27. Re8+ Rd8 28. R1e7 Rxe7 29. Rxe7 Rd7 30. Rxd7 Kxd7 31. Bxa7 Kd6 32. Bd4
Ke6 33. Kf2 Bb3 34. Ke3 Bc2 35. Kd2 Ba4 36. Kc3 f5 37. Kb4 Bc2 38. Kc5 Ba4 39.
b4 Bb5 40. Be3 h5 41. Bf4 Kd7 42. Kb6 Kc8 43. Ka5 Kb7 44. a4 Be2 45. b5 cxb5
46. axb5 Bf3 47. Kb4 Be2 48. Kc5 Bf1 49. b6 Bg2 50. Bc7 Bf3 51. Kd6 Bg4 52. Ke5
Kc6 53. Kf4 Kb7 54. Kg5 Kc6 55. Kh4 Kb7 56. h3 Bf3 57. Kg5 Bg2 58. g4 fxg4 59.
h4 Bf3 1/2-1/2

[Event "SF-00227"]
[Site "LSS"]
[Date "2014.03.13"]
[Round "?"]
[White "Vontina, Maria"]
[Black "Shnaiderman, Lazar"]
[Result "0-1"]
[WhiteElo "739"]
[BlackElo "1467"]
[PlyCount "26"]
[EventDate "2014.02.12"]
[SourceTitle "LSS to Dec2020"]
[Source "LSS ed TH"]
[SourceDate "2021.01.12"]
[SourceVersion "3"]
[SourceVersionDate "2021.01.12"]
[SourceQuality "1"]

1. e4 c5 2. Nf3 d6 3. d4 cxd4 4. Nxd4 Nf6 5. Nc3 Nc6 6. Be2 e5 7. Ndb5 a6 8.
Na3 Be6 9. Bg5 Be7 10. O-O O-O 11. f3 Qb6+ 12. Kh1 Qxb2 13. Qc1 Qxc3 0-1

[Event "BL 1314 (Women)"]
[Site "Germany"]
[Date "2014.03.09"]
[Round "9.2"]
[White "Schulze, Dorothee"]
[Black "Madl, Ildiko"]
[Result "0-1"]
[WhiteElo "1999"]
[BlackElo "2340"]
[PlyCount "78"]
[EventDate "2013.10.04"]
[EventType "team-tourn"]
[EventRounds "11"]
[EventCountry "GER"]
[SourceTitle "OM OTB B 201907"]
[Source "Opening Master"]
[SourceDate "2019.07.06"]
[SourceVersion "2"]
[SourceVersionDate "2019.07.06"]
[SourceQuality "1"]
[WhiteTeam "Lehrte (W)"]
[BlackTeam "Halle Volksbank (W)"]
[WhiteTeamCountry "GER"]
[BlackTeamCountry "GER"]

1. e4 c5 2. Nf3 Nc6 3. d4 cxd4 4. Nxd4 Nf6 5. Nc3 d6 6. Be2 e5 7. Nb3 Be7 8.
Bg5 O-O 9. Qd2 a5 10. Rd1 a4 11. Nc1 Nd4 12. f3 Be6 13. Be3 Nxe2 14. N1xe2 Qa5
15. O-O Rfc8 16. Kh1 b5 17. Nd5 Nxd5 18. exd5 Qxd2 19. Rxd2 Bd7 20. a3 Rc4 21.
c3 f5 22. Re1 Kf7 23. Kg1 g5 24. Bf2 g4 25. Rd3 Rg8 26. Kf1 f4 27. Ng1 Bf5 28.
Rd2 Bf6 29. Rc1 Rcc8 30. Rdd1 Rg6 31. Rd2 Rh6 32. fxg4 Bxg4 33. h3 Bf5 34. Re1
e4 35. Bd4 Bh4 36. Ree2 Rg8 37. Rd1 Rhg6 38. Bb6 f3 39. gxf3 Rxg1+ 0-1

[Event "Voronezh Rating op 03-A"]
[Site "Voronezh"]
[Date "2014.03.09"]
[Round "9"]
[White "Serdjukov, Sergey"]
[Black "Provkin, Vladimir"]
[Result "0-1"]
[WhiteElo "2074"]
[BlackElo "2156"]
[PlyCount "74"]
[EventDate "2014.03.01"]
[EventType "swiss"]
[EventRounds "9"]
[EventCountry "RUS"]
[SourceTitle "OM OTB B 201907"]
[Source "Opening Master"]
[SourceDate "2019.07.06"]
[SourceVersion "2"]
[SourceVersionDate "2019.07.06"]
[SourceQuality "1"]

1. e4 c5 2. Nf3 d6 3. d4 Nf6 4. Nc3 cxd4 5. Nxd4 Nc6 6. Be2 e5 7. Nb3 Be7 8. g4
Be6 9. g5 Nd7 10. Rg1 a5 11. Nd5 a4 12. Nd2 Nc5 13. f4 exf4 14. Nc4 Bxd5 15.
exd5 Na5 16. Bxf4 Nxc4 17. Bxc4 O-O 18. Qd4 b5 19. Bd3 b4 20. Rg3 b3 21. Bd2
Nxd3+ 22. Qxd3 Re8 23. Kf1 bxc2 24. Bc3 Qb6 25. Rc1 Rac8 26. Rxc2 Qc5 27. Rg4
Bd8 28. Rcg2 Re3 29. Re2 Rxe2 30. Kxe2 Bb6 31. Kd1 a3 32. h4 Qf2 33. Rb4 Bc5
34. Rb7 axb2 35. Bxb2 Qg1+ 36. Kd2 Qh2+ 37. Qe2 Qxh4 0-1

[Event "BL2 Sued 1314 (Women)"]
[Site "Germany"]
[Date "2014.03.09"]
[Round "7.5"]
[White "Spiel, Marianne"]
[Black "Moritz, Cornelia"]
[Result "1-0"]
[WhiteElo "1921"]
[BlackElo "1852"]
[PlyCount "49"]
[EventDate "2013.11.30"]
[EventType "team-tourn"]
[EventRounds "7"]
[EventCountry "GER"]
[SourceTitle "OM OTB B 201907"]
[Source "Opening Master"]
[SourceDate "2019.07.06"]
[SourceVersion "2"]
[SourceVersionDate "2019.07.06"]
[SourceQuality "1"]
[WhiteTeam "Muenchen Bayern (W)"]
[BlackTeam "Hofheim (W)"]
[WhiteTeamCountry "GER"]
[BlackTeamCountry "GER"]

1. e4 c5 2. Nf3 Nc6 3. d4 cxd4 4. Nxd4 d6 5. Nc3 Nf6 6. Be2 e5 7. Nb3 a5 8. Be3
Be6 9. O-O Be7 10. Kh1 h5 11. f3 h4 12. Bb5 Nd7 13. Qd2 Na7 14. Bxd7+ Bxd7 15.
Nd5 Nc8 16. Rad1 g5 17. Nxe7 Kxe7 18. Bxg5+ f6 19. Be3 a4 20. Nc1 Qc7 21. Nd3
f5 22. Nb4 Ke6 23. exf5+ Kxf5 24. Qd3+ Ke6 25. Qg6+ 1-0

[Event "BL2 Ost 1314 (Women)"]
[Site "Germany"]
[Date "2014.03.09"]
[Round "7.3"]
[White "Gempe, Anet"]
[Black "Wagner Michel, Annett"]
[Result "1/2-1/2"]
[WhiteElo "2014"]
[BlackElo "2153"]
[PlyCount "29"]
[EventDate "2013.11.30"]
[EventType "team-tourn"]
[EventRounds "7"]
[EventCountry "GER"]
[SourceTitle "OM OTB B 201907"]
[Source "Opening Master"]
[SourceDate "2019.07.06"]
[SourceVersion "2"]
[SourceVersionDate "2019.07.06"]
[SourceQuality "1"]
[WhiteTeam "Leipzig SG (W)"]
[BlackTeam "Berlin Rotation Pankow (W)"]
[WhiteTeamCountry "GER"]
[BlackTeamCountry "GER"]

1. e4 c5 2. Nf3 Nc6 3. d4 cxd4 4. Nxd4 Nf6 5. Nc3 d6 6. Be2 e5 7. Nb3 Be7 8.
Be3 a5 9. a4 Be6 10. Nd2 d5 11. exd5 Nxd5 12. Nxd5 Bxd5 13. O-O O-O 14. Nc4 Be6
15. c3 1/2-1/2

[Event "Splitsko Dalmatinske-ch"]
[Site "Split"]
[Date "2014.03.09"]
[Round "2"]
[White "Zaper, Mirko"]
[Black "Saric, Ante"]
[Result "0-1"]
[WhiteElo "2011"]
[BlackElo "2529"]
[PlyCount "94"]
[EventDate "2014.03.08"]
[EventType "swiss"]
[EventRounds "9"]
[EventCountry "CRO"]
[SourceTitle "OM OTB B 201907"]
[Source "Opening Master"]
[SourceDate "2019.07.06"]
[SourceVersion "2"]
[SourceVersionDate "2019.07.06"]
[SourceQuality "1"]

1. e4 c5 2. Nf3 Nc6 3. d4 cxd4 4. Nxd4 Nf6 5. Nc3 d6 6. Be2 e5 7. Nb3 Be7 8.
O-O O-O 9. h3 Be6 10. Bf3 a5 11. a4 Nb4 12. Bg5 Rc8 13. Rc1 h6 14. Bxf6 Bxf6
15. Nd5 Bxd5 16. exd5 e4 17. Bxe4 Bxb2 18. Rb1 Be5 19. Nd4 Rc4 20. c3 Rxc3 21.
Nf5 Qg5 22. g3 Re8 23. h4 Qd8 24. Rb3 h5 25. Rxc3 Bxc3 26. Qf3 Bf6 27. Rc1 g6
28. Ne3 Bd4 29. Ng2 Qf6 30. Qxf6 Bxf6 31. Bf3 Bd4 32. Rc4 Bb6 33. Re4 Rc8 34.
Nf4 Kf8 35. Kg2 Rc2 36. Re2 Rc3 37. g4 hxg4 38. Bxg4 Bd4 39. h5 Be5 40. Re4
gxh5 41. Bxh5 Kg7 42. Ne2 Rc2 43. f4 Bf6 44. f5 Nxd5 45. Bf3 Ne7 46. Rg4+ Kf8
47. Kf2 b6 0-1

[Event "Tenerife-chT 1314 Preferente"]
[Site "Tenerife"]
[Date "2014.03.08"]
[Round "9.2"]
[White "Ferrera Gonzalez, Carlos"]
[Black "Lopez Pereyra, Antonio"]
[Result "0-1"]
[WhiteElo "1736"]
[BlackElo "2123"]
[PlyCount "74"]
[EventDate "2013.12.14"]
[EventType "team-tourn"]
[EventRounds "14"]
[EventCountry "ESP"]
[SourceTitle "OM OTB B 201907"]
[Source "Opening Master"]
[SourceDate "2019.07.06"]
[SourceVersion "2"]
[SourceVersionDate "2019.07.06"]
[SourceQuality "1"]

1. e4 c5 2. Nf3 Nc6 3. d4 cxd4 4. Nxd4 Nf6 5. Nc3 d6 6. Be2 e5 7. Nb3 Be7 8.
Bg5 O-O 9. Qd2 Be6 10. O-O a5 11. Bb5 Na7 12. Be2 Nc8 13. a4 h6 14. Bxf6 Bxf6
15. Rad1 Qb6 16. Nd5 Bxd5 17. Qxd5 Rd8 18. Qb5 Qc7 19. Qc4 Qe7 20. Qc3 Nb6 21.
Bb5 d5 22. exd5 Rac8 23. Qxa5 Nxd5 24. c4 Nf4 25. c5 Qe6 26. Rxd8+ Bxd8 27. Qc3
Bf6 28. Qf3 g5 29. Qxb7 Rd8 30. Nc1 e4 31. Ne2 e3 32. Nxf4 exf2+ 33. Rxf2 Rd1+
34. Bf1 gxf4 35. Qb8+ Kg7 36. Qxf4 Bd4 37. b4 f5 0-1

[Event "Kragujevac Radnicki"]
[Site "Kragujevac"]
[Date "2014.03.06"]
[Round "5"]
[White "Gochev, Mladen"]
[Black "Sorgic, Dragan"]
[Result "1/2-1/2"]
[WhiteElo "2207"]
[BlackElo "2244"]
[PlyCount "140"]
[EventDate "2014.03.03"]
[EventType "tourn"]
[EventRounds "11"]
[EventCountry "SRB"]
[EventCategory "4"]
[SourceTitle "OM OTB B 201907"]
[Source "Opening Master"]
[SourceDate "2019.07.06"]
[SourceVersion "2"]
[SourceVersionDate "2019.07.06"]
[SourceQuality "1"]

1. e4 c5 2. Nf3 Nc6 3. d4 cxd4 4. Nxd4 Nf6 5. Nc3 d6 6. Be2 e5 7. Nf3 h6 8. O-O
Be7 9. Re1 O-O 10. Bf1 Bg4 11. h3 Be6 12. Nd5 Nd7 13. b3 f5 14. exf5 Rxf5 15.
Ne3 Rf7 16. Bc4 Nf8 17. Ba3 e4 18. Bxe6 Nxe6 19. Nd5 exf3 20. Rxe6 Bf8 21. Rg6
Ne5 22. Rg3 h5 23. Bb2 h4 24. Bxe5 hxg3 25. Bxg3 Qg5 26. gxf3 Re8 27. c4 Re6
28. f4 Qf5 29. Qg4 g6 30. Ne3 Qf6 31. Rd1 Re4 32. Kg2 Bh6 33. Nd5 Qe6 34. Nc3
Qxg4 35. hxg4 Re6 36. Kf3 Rfe7 37. Rd5 a6 38. f5 gxf5 39. gxf5 Re1 40. Rxd6 Bf8
41. Nd5 Rf7 42. Rg6+ Kh8 43. Ne3 Kh7 44. Rg4 Bc5 45. Rh4+ Kg8 46. Be5 Rh7 47.
Rg4+ Kf7 48. Rg3 Bxe3 49. fxe3 Rf1+ 50. Ke4 Rh4+ 51. Bf4 Rf2 52. Rg6 Rh8 53. a4
Re8+ 54. Be5 Re7 55. Rh6 Rf1 56. Rh5 Rb1 57. Kd5 Rxb3 58. Bd4 Rd7+ 59. Ke5 Ra3
60. e4 Rxa4 61. Rh7+ Ke8 62. Rxd7 Kxd7 63. Kd5 Ra5+ 64. c5 b6 65. e5 bxc5 66.
e6+ Ke8 67. Bxc5 Ra1 68. f6 Rf1 69. Ke5 a5 70. Bd4 a4 1/2-1/2

[Event "FICS unrated standard game"]
[Site "FICS freechess.org"]
[Date "2014.03.04"]
[Round "?"]
[White "DanielAbrahams"]
[Black "GMChaobLi"]
[Result "1/2-1/2"]
[WhiteElo "2055"]
[BlackElo "2697"]
[PlyCount "93"]
[EventDate "2014.??.??"]

1. e4 c5 2. Nf3 Nc6 3. Nc3 d6 4. d4 cxd4 5. Nxd4 Nf6 6. Be2 e5 7. Nb3 Be7 8.
Bg5 O-O 9. Bxf6 Bxf6 10. Nd5 Bg5 11. Bg4 Be6 12. O-O Rc8 13. c3 Ne7 14. Nxe7+
Qxe7 15. Qf3 Rcd8 16. Rfd1 g6 17. Bxe6 fxe6 18. Qe2 Bh4 19. g3 Bf6 20. Rd3 Qc7
21. Rad1 Be7 22. Qg4 Qc4 23. R1d2 Kg7 24. Na5 Qc8 25. b3 b5 26. h4 h5 27. Qe2
Rd7 28. b4 Rc7 29. Rc2 Qb8 30. a3 Rcc8 31. Rd1 Bd8 32. Nb3 Bb6 33. Qd3 d5 34.
Kg2 Rc4 35. f3 dxe4 36. fxe4 Rd8 37. Qf3 Rxd1 38. Qxd1 Rxe4 39. Qd7+ Kh6 40.
Nc5 Qa8 41. Kh2 Bxc5 42. bxc5 Qf8 43. Kg2 Rc4 44. Rf2 Qxc5 45. Qd2+ Kg7 46.
Qd7+ Kh6 47. Qd2+ 1/2-1/2

[Event "Senica op 02"]
[Site "Senica"]
[Date "2014.02.27"]
[Round "4"]
[White "Ocko, Martin"]
[Black "Jozefek, Michal"]
[Result "1/2-1/2"]
[WhiteElo "1736"]
[BlackElo "2168"]
[PlyCount "135"]
[EventDate "2014.02.24"]
[EventType "swiss"]
[EventRounds "7"]
[EventCountry "SVK"]
[SourceTitle "OM OTB B 201907"]
[Source "Opening Master"]
[SourceDate "2019.07.06"]
[SourceVersion "2"]
[SourceVersionDate "2019.07.06"]
[SourceQuality "1"]

1. e4 c5 2. Nf3 d6 3. d4 cxd4 4. Nxd4 Nf6 5. Nc3 Nc6 6. Be2 e5 7. Nb3 Be7 8.
O-O O-O 9. Be3 Be6 10. f3 d5 11. exd5 Nxd5 12. Nxd5 Bxd5 13. Kh1 b6 14. a4 Bxb3
15. cxb3 Qxd1 16. Rfxd1 Rfd8 17. Rac1 Na5 18. Rc7 Bd6 19. Rc3 Kf8 20. Kg1 Ke7
21. Kf2 Rac8 22. Rdc1 Rxc3 23. Rxc3 Bb4 24. Rc7+ Rd7 25. Rxd7+ Kxd7 26. Bc4
Nxc4 27. bxc4 Bc5 28. b4 Bxb4 29. Ke2 Ke6 30. Kd3 f5 31. Bc1 Bc5 32. Bd2 Bd4
33. Bc1 Kf6 34. Bd2 Bc5 35. Bc1 h5 36. Bb2 Ke6 37. Bc3 g5 38. h3 g4 39. hxg4
hxg4 40. Bd2 gxf3 41. gxf3 Bd4 42. Bb4 Bc5 43. Bc3 Bd6 44. Bd2 Kd7 45. Be1 Kc6
46. Bd2 Kc5 47. Kc3 e4 48. fxe4 fxe4 49. Be3+ Kc6 50. Kd2 Bc5 51. Bg5 Kd6 52.
Bf4+ Ke6 53. Bh2 a5 54. Bc7 Bd4 55. Ke2 Kf5 56. Kd1 e3 57. Ke2 Ke4 58. Bd8 Bc5
59. Bf6 Kf5 60. Bg7 Kf4 61. Bf6 Ke4 62. Bg7 Bd6 63. Bh6 Bf4 64. Bg7 Bc7 65. Bf6
Bd6 66. Bd8 Bc5 67. Bf6 Bd4 68. Bg5 1/2-1/2

[Event "7. LSS Anni F-00004"]
[Site "LSS"]
[Date "2014.02.21"]
[Round "?"]
[White "Urbaniak, Marcin"]
[Black "Wosch, Arkadiusz"]
[Result "1/2-1/2"]
[WhiteElo "1981"]
[BlackElo "2309"]
[PlyCount "62"]
[EventDate "2014.02.27"]
[SourceTitle "LSS to Dec2020"]
[Source "LSS ed TH"]
[SourceDate "2021.01.12"]
[SourceVersion "3"]
[SourceVersionDate "2021.01.12"]
[SourceQuality "1"]

1. e4 c5 2. Nf3 Nc6 3. d4 cxd4 4. Nxd4 Nf6 5. Nc3 d6 6. Be2 e5 7. Nxc6 bxc6 8.
O-O Be7 9. Qd3 O-O 10. Rd1 Qc7 11. Qg3 Ne8 12. f4 f5 13. fxe5 dxe5 14. exf5
Bxf5 15. Be3 Nf6 16. Rd2 Kh8 17. Bd3 Be6 18. Ne4 Nh5 19. Qe1 Rad8 20. g3 Nf6
21. Nxf6 gxf6 22. Be4 a5 23. Rxd8 Rxd8 24. b3 Bd5 25. Bf5 Bf3 26. Bf2 Kg7 27.
g4 h5 28. gxh5 Qd6 29. h6+ Kh8 30. Qe3 Rg8+ 31. Kf1 Qd5 1/2-1/2

[Event "Long 90' + 15'', Rated, InfinityChess F"]
[Site "?"]
[Date "2014.02.21"]
[Round "?"]
[White "Zorchamp"]
[Black "LordSirKnight \[ct\]"]
[Result "1/2-1/2"]
[WhiteElo "2656"]
[BlackElo "2550"]
[PlyCount "47"]
[EventDate "2014.??.??"]

1. e4 c5 2. Nc3 Nc6 3. Nf3 d6 4. d4 cxd4 5. Nxd4 Nf6 6. Be2 e5 7. Nxc6 bxc6 8.
O-O Be7 9. Qd3 O-O 10. Qg3 Kh8 11. b3 Be6 12. Rd1 Qc7 13. f4 Rad8 14. Kh1 Bc8
15. fxe5 dxe5 16. Bb2 Rfe8 17. Bf3 Nd7 18. Na4 f6 19. Bh5 g6 20. Be2 Nb6 21.
Nc3 Nd7 22. Na4 Nb6 23. Nc3 Nd7 24. Na4 1/2-1/2

[Event "CHI-ch"]
[Site "Punta Arenas"]
[Date "2014.02.20"]
[Round "4"]
[White "Perez Gormaz, Matias Ariel"]
[Black "Llorens Sepulveda, Marcelo"]
[Result "1-0"]
[WhiteElo "2269"]
[BlackElo "2309"]
[PlyCount "79"]
[EventDate "2014.02.18"]
[EventType "tourn"]
[EventRounds "11"]
[EventCountry "CHI"]
[EventCategory "5"]
[SourceTitle "OM OTB B 201907"]
[Source "Opening Master"]
[SourceDate "2019.07.06"]
[SourceVersion "2"]
[SourceVersionDate "2019.07.06"]
[SourceQuality "1"]

1. e4 c5 2. Nf3 Nc6 3. d4 cxd4 4. Nxd4 Nf6 5. Nc3 d6 6. Be2 e5 7. Nf3 h6 8. O-O
Be7 9. Re1 O-O 10. h3 Be6 11. Bf1 Re8 12. Nd5 Bf8 13. c4 Nh7 14. Bd3 g6 15. Qc2
Rc8 16. Bd2 Qd7 17. a4 Bg7 18. a5 f5 19. Qa4 f4 20. Ra3 g5 21. c5 dxc5 22. a6
bxa6 23. Bxa6 h5 24. Bxc8 Rxc8 25. Rc1 Bxd5 26. Rd3 Nf6 27. Rxc5 Qe7 28. Rdxd5
Nxd5 29. Rxc6 Rxc6 30. Qxc6 Nb6 31. Qg6 g4 32. hxg4 hxg4 33. Qxg4 Qd7 34. Qg6
Nc4 35. Bc3 Qf7 36. Qc6 Bf6 37. b3 Nb6 38. Nxe5 Bxe5 39. Bxe5 f3 40. gxf3 1-0

[Event "LTU-ch sf (Women)"]
[Site "Vilnius"]
[Date "2014.02.20"]
[Round "4"]
[White "Urbonaviciute, Zivile"]
[Black "Vanagaite, Giedre"]
[Result "1-0"]
[WhiteElo "1831"]
[BlackElo "2014"]
[PlyCount "101"]
[EventDate "2014.02.17"]
[EventType "swiss"]
[EventRounds "7"]
[EventCountry "LTU"]
[SourceTitle "OM OTB B 201907"]
[Source "Opening Master"]
[SourceDate "2019.07.06"]
[SourceVersion "2"]
[SourceVersionDate "2019.07.06"]
[SourceQuality "1"]

1. e4 c5 2. Nf3 Nc6 3. d4 cxd4 4. Nxd4 Nf6 5. Nc3 d6 6. Be2 e5 7. Nb3 Be6 8.
Be3 Be7 9. O-O O-O 10. Bf3 a6 11. Nd5 Bxd5 12. exd5 Na5 13. Nd2 b5 14. b3 Rc8
15. a3 Qc7 16. Rc1 Qb7 17. c4 Qb8 18. Be2 bxc4 19. Nxc4 Nxc4 20. Bxc4 a5 21.
Bd2 Qa8 22. b4 Nxd5 23. Bxd5 Qxd5 24. bxa5 Rxc1 25. Qxc1 Qb7 26. Bb4 d5 27. a6
Qd7 28. Rd1 d4 29. Qc2 Rc8 30. Qe4 Bf6 31. Qb7 Rc7 32. Qb8+ Rc8 33. a7 Qc6 34.
Bd6 d3 35. Bc7 Rf8 36. Bxe5 Bxe5 37. Qxe5 Qc2 38. Qe1 Rd8 39. Qd2 Rc8 40. h3 f6
41. Qxd3 Qxd3 42. Rxd3 Kf7 43. Rd7+ Kg6 44. Rb7 Ra8 45. Kf1 h5 46. Ke2 Kh6 47.
Kd3 g5 48. Kc4 g4 49. hxg4 hxg4 50. Kb5 Kg5 51. Ka6 1-0

[Event "RC-00141"]
[Site "LSS"]
[Date "2014.02.20"]
[Round "?"]
[White "Borodin, Sergey Viktorovich"]
[Black "Khabarov, Valery Anatolievich"]
[Result "1/2-1/2"]
[WhiteElo "1671"]
[BlackElo "1600"]
[PlyCount "69"]
[EventDate "2014.01.04"]
[SourceTitle "LSS to Dec2020"]
[Source "LSS ed TH"]
[SourceDate "2021.01.12"]
[SourceVersion "3"]
[SourceVersionDate "2021.01.12"]
[SourceQuality "1"]

1. e4 c5 2. Nf3 Nc6 3. d4 cxd4 4. Nxd4 Nf6 5. Nc3 d6 6. Be2 e5 7. Nf3 h6 8. O-O
Be6 9. Re1 Rc8 10. Bf1 Be7 11. Nd5 O-O 12. h3 Nb8 13. c4 Nbd7 14. b4 a5 15. a3
Nb6 16. Qb3 a4 17. Qa2 Nbxd5 18. cxd5 Bd7 19. Bd3 Nh5 20. Be3 Nf4 21. Bf1 Bg5
22. Rac1 f5 23. Rxc8 Bxc8 24. Nxg5 hxg5 25. Qc4 fxe4 26. Qxe4 g4 27. hxg4 Bxg4
28. Rc1 Qh4 29. Bxf4 Rxf4 30. Qe3 Rf6 31. g3 Qh5 32. Bg2 Rh6 33. Rc7 Bf5 34.
Bf3 Bg4 35. Rc8+ 1/2-1/2

[Event "HUN-chT2 Erkel 1314"]
[Site "Hungary"]
[Date "2014.02.16"]
[Round "7.3"]
[White "Kovacs, Zsolt1"]
[Black "Foldi, Kristof"]
[Result "1/2-1/2"]
[WhiteElo "2113"]
[BlackElo "2182"]
[PlyCount "59"]
[EventDate "2013.09.08"]
[EventType "team-tourn"]
[EventRounds "11"]
[EventCountry "HUN"]
[SourceTitle "OM OTB B 201907"]
[Source "Opening Master"]
[SourceDate "2019.07.06"]
[SourceVersion "2"]
[SourceVersionDate "2019.07.06"]
[SourceQuality "1"]

1. e4 c5 2. Nf3 d6 3. d4 cxd4 4. Nxd4 Nf6 5. Nc3 Nc6 6. Be2 e5 7. Nb3 Be7 8.
Be3 O-O 9. Qd2 Be6 10. O-O-O Na5 11. Nxa5 Qxa5 12. a3 Rfc8 13. f3 a6 14. Kb1
Bf8 15. g4 b5 16. Nd5 Qxd2 17. Nxf6+ gxf6 18. Rxd2 Rab8 19. b3 Rc3 20. Bf2 Rbc8
21. h4 Bh6 22. g5 fxg5 23. hxg5 Bxg5 24. Rg1 h6 25. Bh4 Kf8 26. Bxg5 hxg5 27.
Rxd6 Rxc2 28. Bc4 Rc3 29. Bxe6 fxe6 30. Rxe6 1/2-1/2